000 00620nam a2200229Ia 4500
003 OSt
005 20220918180734.0
006 a|||||r|||| 00| 0
007 ta
008 220917b |||||||| |||| 00| 0 eng d
024 _a23,833
037 _cTextual
040 _aARTS
_cARTS
_beng
041 _2eng
_aeng
082 _aO:9M, J5;1
100 _aKer W S P.
_956953
245 0 _aOn modern literature
_b Lectures and addresses ed by Terence Spencer and James Sutherland
260 _c1955
650 _aENGLISH LITERATURE
942 _hO:9M, J5;1
_cTEXL
_2CC
999 _c162850
_d162850